| 000 -CABECERA |
| Campo de control de longitud fija |
00687nam a22001817a 4500 |
| 005 - FECHA Y HORA DE LA ÚLTIMA TRANSACCIÓN |
| Campo de control |
20211014124729.0 |
| 008 - CAMPO FIJO DE DESCRIPCIÓN FIJA--INFORMACIÓN GENERAL |
| Campo de control de longitud fija |
211014b ||||| |||| 00| 0 eng d |
| 020 ## - ISBN (INTERNATIONAL STANDARD BOOK NUMBER) |
| ISBN |
9788409332007 |
| 040 ## - FUENTE DE CATALOGACIÓN |
| Agencia de catalogación original |
CDMR |
| 100 1# - ENCABEZAMIENTO PRINCIPAL--NOMBRE PERSONAL |
| 9 (RLIN) |
4561 |
| Nombre de persona |
Campo, Carlos J. |
| 245 ## - MENCIÓN DE TÍTULO |
| Título |
Contenido para convencer |
| Parte restante del título |
: curso general de estrategia de contenidos : 24 lecciones para la formación de estrategas de contenidos in-house |
| Mención de responsabilidad, etc. |
/ Carlos J. Campo |
| 260 ## - PUBLICACIÓN, DISTRIBUCIÓN, ETC (PIE DE IMPRENTA) |
| Lugar de publicación, distribución, etc. |
[Sabadell] |
| Nombre del editor, distribuidor, etc. |
: Estrategia del contenido |
| Fecha de publicación, distribución, etc. |
, 2021 |
| 300 ## - DESCRIPCIÓN FÍSICA |
| Extensión |
538 pàgines |
| Dimensiones |
; 24 cm |
| Otros detalles físicos |
: taules i gràfics |
| 650 #0 - ASIENTO SECUNDARIO DE MATERIA--TÉRMINO DE MATERIA |
| 9 (RLIN) |
2798 |
| Nombre de materia o nombre geográfico como elemento de entrada |
Comunicació en l'empresa |
| 650 #0 - ASIENTO SECUNDARIO DE MATERIA--TÉRMINO DE MATERIA |
| 9 (RLIN) |
4329 |
| Nombre de materia o nombre geográfico como elemento de entrada |
Planificació estratègica |
| 650 #0 - ASIENTO SECUNDARIO DE MATERIA--TÉRMINO DE MATERIA |
| 9 (RLIN) |
4161 |
| Nombre de materia o nombre geográfico como elemento de entrada |
Màrqueting digital |
| 942 ## - ELEMENTOS KOHA |
| Fuente de clasificación o esquema de ordenación en estanterías |
|
| Koha tipo de item |
Monografies |